000 00305nam a2200145Ia 4500
100 _aGopal/ Arpita
650 _aMIS
942 _cBK
245 _aMIS for strategic business processes
260 _bExcel Books
_c2008
082 _bGOP
300 _a422
546 _aENGLISH
_cInfo.Tech
999 _c28218
_d28218